000 00351nam a2200133Ia 4500
008 240624s9999 xx 000 0 und d
041 _aeng
082 _a333.72 GLE
100 _aCROSTON GLENN
245 _a75 GREEN BUSINESSES YOU CAN START TO MAK
260 _c2008
_aCanada
_bMcGraw-Hill Education
300 _a328 : p. : 24 : cm.
365 _c
_b30
999 _c11851
_d11851